000 00616nam a22001817a 4500
005 20251108165208.0
008 250721s1988 xx 000 0 ara d
082 1 4 _a598.29229565/درو
100 1 _aالشافعي، درويش مصطفى
245 1 0 _aالطيور البرية في الأردن /
264 1 _aإربد :
_bجامعة اليرموك - عمادة البحث العلمي و الدراسات العليا،
_c1988.
300 _a280ص
650 1 7 _aالطيور البرية
650 1 7 _aالأردن
700 1 _aإسماعيل، سهيل محمود
942 _2ddc
_cBK
999 _c21815
_d21815